| 000 | 00694nam a2200241Ia 4500 | ||
|---|---|---|---|
| 003 | OSt | ||
| 005 | 20220918205000.0 | ||
| 006 | a|||||r|||| 00| 0 | ||
| 007 | ta | ||
| 008 | 220917b |||||||| |||| 00| 0 eng d | ||
| 024 | _a114,893 | ||
| 037 | _cTextual | ||
| 040 |
_aARTS _cARTS _beng |
||
| 041 |
_2eng _aeng |
||
| 082 | _aV6:1946,(X).N7, M4 (906) | ||
| 100 |
_aLaszld Ervin Ed _9113752 |
||
| 245 | 0 | _aAfrican and Arab co-operation for development | |
| 260 |
_aDublin _bTycooly International Publishing _c1984 |
||
| 300 |
_axvii, 278p. _ccm. |
||
| 650 | _aHISTORY | ||
| 942 |
_hV6:1946,(X).N7, M4 (906) _cTEXL _2CC |
||
| 999 |
_c238223 _d238223 |
||